00601nam a2200181Ia 4500008004100000040001800041041000800059100002800067245007100095260005400166300001800220490004800238586003800286650002300324650002300347650001900370700003000389130821s1924 xxu gr eng  aCo-BoUCMbspa aeng1 aMann, Thomasd1875-195514aThe magic mountaincThomas Mann ; traducido por H. T. Lowe-Porter. aNueva York (Estados Unidos)bModerm Libraryc1924 a900 páginas 4aThe Modern Library of the World's Best Book aPremio Nobel de Literatura, 1929.04aLiteratura alemana04aLiteratura europea04aNovela alemana1 aLowe-Porter, H. T.etrad.